| 000 | 00690nam a22002177a 4500 | ||
|---|---|---|---|
| 999 |
_c9731 _d9731 |
||
| 003 | AR-CdUCM | ||
| 008 | 190328b ||||| |||| 00| 0 spa d | ||
| 040 |
_aMUNICIPALIDAD PROVINCIAL DEL CUSCO _cBIBLIOTECA MUNICIPAL DEL CUSCO |
||
| 082 |
_aC / 985.61/E91 _bE91 |
||
| 100 |
_aEsquivel y Navia, Diego de _926144 |
||
| 245 |
_aNoticias cronológicas de la gran ciudad del Cuzco / _cDiego de Esquivel y Navia |
||
| 260 |
_aLima : _bWiese, _c1980. |
||
| 300 |
_a2 tomos. : _c24 cm. |
||
| 505 | _aSucesos del Cusco colonial. | ||
| 650 |
_aCronología _963 |
||
| 650 |
_aHistoria del Cusco _91714 |
||
| 650 |
_aCrónicas _948189 |
||
| 650 |
_aCusco _9772 |
||
| 942 |
_2ddc _cLIBROS |
||
| 945 | _awfj | ||